|
|
|
|
| LEADER |
00000nab a2200000 a 4500 |
| 001 |
vtls009089224 |
| 003 |
SK-MaSNL |
| 005 |
20260303063635.0 |
| 008 |
170922c2005 xo r p 000 00cze |
| 015 |
|
|
|a SNBRA2007/06SVKPO
|
| 038 |
|
|
|a SVKPO
|
| 040 |
|
|
|a SVKPOCL
|c slo
|e AACR2
|
| 041 |
0 |
|
|a cze
|
| 044 |
|
|
|a xo
|c SK
|
| 080 |
|
|
|a 549(437.672)
|2 2001
|
| 080 |
|
|
|a 552(437.672)
|2 2001
|
| 245 |
0 |
0 |
|a Švedlár
|
| 300 |
|
|
|a Obr.
|
| 504 |
|
|
|a Bibliogr. odkazy
|
| 650 |
0 |
7 |
|a minerály
|x náleziská
|z Švedlár (Slovensko)
|2 svkpocl
|9 1061160
|
| 651 |
|
7 |
|a Švedlár (Slovensko)
|2 svkpocl
|9 58957
|
| 651 |
|
7 |
|a Gelnica (Slovensko : okres)
|2 svkpocl
|9 168677
|
| 773 |
0 |
|
|t Toegel, Vlastimil : Minerály a lokality sběru
|d Olomouc : Rubico, 2005
|g S. 149-151
|z 8089040195
|
| 852 |
|
|
|a SVKPO
|b KIS3GCP
|
| 958 |
|
|
|a SK
|
| 999 |
|
|
|c 1743821
|d 1745751
|